| 000 | 01421aab a2200205 i 4500 | ||
|---|---|---|---|
| 001 | 768714001 | ||
| 003 | CO-MdFUSB | ||
| 005 | 20250306155613.0 | ||
| 008 | 170825b1990 c ||||| |||| 00| 0 spa d | ||
| 040 |
_aCO-MdFUSB _bspa _cCO-MdFUSB _dCO-MdFUSB |
||
| 041 | _aspa | ||
| 100 | 1 |
_aLaw, Terry _eautor |
|
| 245 | 1 | 0 |
_aPoder en la adoración : _bDios busca un pueblo poderoso que se acerque a su trono con alabanza y adoración _c/ Terry Law |
| 300 |
_aVolumen 1. Número 17 (1990), páginas 301-303 _c: 28 cm. |
||
| 520 | _aEste texto reflexiona sobre el poder y el propósito de la música en la adoración a Dios, destacando su origen divino y cómo Satanás ha intentado pervertirla. Se menciona que Lucifer, el ángel de la música, fue creado para glorificar a Dios, pero su caída lo llevó a distorsionar la música para fines terrenales y diabólicos. La música tiene el poder de mover a las personas, tanto para bien como para mal, y hoy en día muchos géneros musicales están siendo utilizados por Satanás para influir en la juventud. Sin embargo, se llama a la Iglesia a restaurar la música como un medio de adoración genuina a Dios, cubriendo Su gloria con alabanzas puras y espirituales, como originalmente fue diseñado. | ||
| 650 | 0 |
_aAdoración _91066 |
|
| 773 | 0 |
_tConquista Cristiana _049446 _960340 _gVolumen 1. Número 17 (1990), páginas 301-303 _qPágina 301. |
|
| 942 | _cANA | ||
| 945 | _aJTF-925 | ||
| 999 |
_c50407 _d50407 |
||